| 000 | 004220000a22001570004500 | ||
|---|---|---|---|
| 020 | _a84-7530-330-7 | ||
| 041 | 0 | _aSPA | |
| 082 | 0 | 4 | _aG 839.8136 G5397p |
| 100 | 1 | _aGjellerup, Karl (1857-1919) | |
| 245 | 1 | 0 | _aEl peregrino Kamanita / Karl Gjellerup ; José R. Pérez Bances, Traductor |
| 260 | _aMadrid : Orbis | ||
| 300 | _a190 Pag | ||
| 500 | _aTítulo original : Pilgrimmen Kamanita | ||
| 001 | 13299 | ||
| 942 | _cBK | ||
| 999 |
_c42282 _d42282 |
||